A bibliography of Indian bibliographies on natural rubber (Record no. 51181)

MARC details
000 -LEADER
fixed length control field 00466nam a2200169Ia 4500
100 ## - MAIN ENTRY--AUTHOR NAME
Personal name Thomas K K
245 #2 - TITLE STATEMENT
Title A bibliography of Indian bibliographies on natural rubber
260 ## - PUBLICATION, DISTRIBUTION, ETC. (IMPRINT)
Name of publisher Rubber Board Bulletin
Year of publication 2006
300 ## - PHYSICAL DESCRIPTION
Number of Pages 29-32
650 ## - SUBJECT ADDED ENTRY--TOPICAL TERM
Topical Term Bibliographic ocntrol
650 ## - SUBJECT ADDED ENTRY--TOPICAL TERM
Topical Term Bibliographies
650 ## - SUBJECT ADDED ENTRY--TOPICAL TERM
Topical Term Information dissemination
650 ## - SUBJECT ADDED ENTRY--TOPICAL TERM
Topical Term Natural rubber research
650 ## - SUBJECT ADDED ENTRY--TOPICAL TERM
Topical Term RRII
942 ## - ADDED ENTRY ELEMENTS (KOHA)
Koha item type Bibliography STAF
Holdings
Withdrawn status Lost status Damaged status Not for loan Home library Current library Shelving location Date acquired Serial Enumeration / chronology Koha item type
      Bibliography RRII Library RRII Library Rubber general 09/04/2014 Volume 28, Issue 3 Bibliography STAF